Access for disabled people to historic buildings (Record no. 117580)

MARC details
000 -LEADER
fixed length control field 01448cam a2200265 4500
001 - CONTROL NUMBER
control field ABS67898
008 - FIXED-LENGTH DATA ELEMENTS--GENERAL INFORMATION
fixed length control field 040623n2004 000 0 eng u
035 ## - SYSTEM CONTROL NUMBER
System control number (Sirsi) u126573
100 ## - MAIN ENTRY--PERSONAL NAME
Personal name Mynors, C.
245 ## - TITLE STATEMENT
Title Access for disabled people to historic buildings
260 ## - PUBLICATION, DISTRIBUTION, ETC.
Date of publication, distribution, etc. 2004
490 ## - SERIES STATEMENT
Series statement Context
Volume/sequential designation (84) May 2004, 9-11(3)
520 ## - SUMMARY, ETC.
Summary, etc. Discusses how the Disability Discrimination Act 1995 Part III, which comes into force in October 2004, can be implemented in a way which avoids conflict between the requirements of the Act and historic buildings legislation. Summarises the main requirements of the Act, reminding practitioners that planning permission or listed building consent may be needed to comply with these. Emphasises that PPG15 stresses that disabled people should have easy access to and within historic buildings. Plans should be part of an integrated review of access arrangements for all visitors and alternative routes and space reorganisation should be achieved without damaging the building's special interest.
590 ## - LOCAL NOTE (RLIN)
Local note ABS
590 ## - LOCAL NOTE (RLIN)
Local note ABS
650 ## - SUBJECT ADDED ENTRY--TOPICAL TERM
Topical term or geographic name entry element MANAGEMENT-BUSINESS MANAGEMENT-DISCRIMINATION-DISABILITY DISCRIMINATION-ACCESSIBILITY
650 ## - SUBJECT ADDED ENTRY--TOPICAL TERM
Topical term or geographic name entry element HISTORIC BUILDINGS
650 ## - SUBJECT ADDED ENTRY--TOPICAL TERM
Topical term or geographic name entry element DISABILITY DISCRIMINATION ACT 1995 PART III
650 ## - SUBJECT ADDED ENTRY--TOPICAL TERM
Topical term or geographic name entry element PPG15
650 ## - SUBJECT ADDED ENTRY--TOPICAL TERM
Topical term or geographic name entry element LISTED BUILDING CONSENT
650 ## - SUBJECT ADDED ENTRY--TOPICAL TERM
Topical term or geographic name entry element ACCESS PLANNING
690 ## - LOCAL SUBJECT ADDED ENTRY--TOPICAL TERM (OCLC, RLIN)
Topical term or geographic name as entry element BUILDING CONSERVATION
700 ## - ADDED ENTRY--PERSONAL NAME
Personal name Booth, A.
942 ## - ADDED ENTRY ELEMENTS (KOHA)
Suppress in OPAC 0
Holdings
Withdrawn status Lost status Source of classification or shelving scheme Damaged status Not for loan Home library Current library Shelving location Date acquired Total Checkouts Full call number Barcode Date last seen Copy number Price effective from Koha item type
    Dewey Decimal Classification     London London Journal article 23/06/2004   ABS67898 126573-1001 06/08/2019 1 06/08/2019 Journal article